书目信息 |
| 题名: |
C.S. 路易斯传
|
|
| 作者: | 麦格拉思 著 ;苏欲晓 , 傅燕晖 译 | |
| 分册: | ||
| 出版信息: | 上海 上海三联书店 2018 |
|
| 页数: | xxi, 397页 | |
| 开本: | 23cm | |
| 丛书名: | ||
| 单 册: | ||
| 中图分类: | K835.615.6 | |
| 科图分类: | ||
| 主题词: | 作家--zuo jia--传记--英国--现代 | |
| 电子资源: | ||
| ISBN: | 978-7-5426-5469-4 | |
| 000 | 01525nam0 2200325 450 | |
| 001 | 012001006289 | |
| 005 | 20131101110855.0 | |
| 010 | @a978-7-5426-5469-4@dCNY68.00 | |
| 099 | @aCAL 012018087661 | |
| 100 | @a20180711d2018 em y0chiy50 ea | |
| 101 | 1 | @achi@ceng |
| 102 | @aCN@b310000 | |
| 105 | @aa a 001yb | |
| 106 | @ar | |
| 200 | 1 | @aC.S. 路易斯传@AC.S. lu yi si zhuan@e天赋奇才, 勉为先知@f麦格拉思著@d= C.S. Lewis@ea life eccentric genius reluctant prophet@fAlister McGrath@g苏欲晓, 傅燕晖译@zeng |
| 210 | @a上海@c上海三联书店@d2018 | |
| 215 | @axxi, 397页@c图@d23cm | |
| 314 | @a阿利斯特·麦格拉思 (Alister McGrath), 当代著名神学家、神学教育家、护教学家。 | |
| 320 | @a有书目 (第342-356页) 和索引 | |
| 330 | @aC.S. 路易斯是英国著名剑桥学者和文学家, 其《纳尼亚王国》系列风靡世界半个多世纪, 而且陆续拍成电影深受欢迎。本书是路易斯的权威传记。比较侧重作为学者的路易斯, 以及主要作品的介绍和分析。由于根据最新出版的路易斯书信为材料, 本传记既新且可靠。作者文笔流畅而优美, 会受到广大文学爱好者的欢迎。 | |
| 500 | 10 | @aC.S. Lewis : a life eccentric genius reluctant prophet@mChinese |
| 517 | 1 | @a天赋奇才, 勉为先知@Atian fu qi cai, mian wei xian zhi |
| 600 | 1 | @a路易斯@Alu yi si@g(Lewis, C. S.),@f1898-1963@x传记 |
| 606 | 0 | @a作家@Azuo jia@x传记@y英国@z现代 |
| 690 | @aK835.615.6@v5 | |
| 701 | 1 | @a麦格拉思@Amai ge la si@g(McGrath, Alister)@4著 |
| 702 | 0 | @a苏欲晓@ASu Yuxiao@4译 |
| 702 | 0 | @a傅燕晖@AFu Yanhui@4译 |
| 801 | 2 | @aCN@b上海新华@c20191020 |
| 905 | @b1131332-5@dK835.615.6@e1034@f4 | |
| C.S. 路易斯传:天赋奇才, 勉为先知/麦格拉思著= C.S. Lewis:a life eccentric genius reluctant prophet/Alister McGrath/苏欲晓, 傅燕晖译.-上海:上海三联书店,2018 |
| xxi, 397页:图;23cm |
| ISBN 978-7-5426-5469-4:CNY68.00 |
| C.S. 路易斯是英国著名剑桥学者和文学家, 其《纳尼亚王国》系列风靡世界半个多世纪, 而且陆续拍成电影深受欢迎。本书是路易斯的权威传记。比较侧重作为学者的路易斯, 以及主要作品的介绍和分析。由于根据最新出版的路易斯书信为材料, 本传记既新且可靠。作者文笔流畅而优美, 会受到广大文学爱好者的欢迎。 |
| ● |
| 相关链接 |
|
|
|
|
正题名:C.S. 路易斯传
索取号:K835.615.6/1034
 
预约/预借
| 序号 | 登录号 | 条形码 | 馆藏地/架位号 | 状态 | 备注 |
| 1 | 1131332 | 211313327 | 第二样本阅览室/ [索取号:K835.615.6/1034] | 在馆 | |
| 2 | 1131333 | 211313336 | 第二借阅区/ [索取号:K835.615.6/1034] | 在馆 | |
| 3 | 1131334 | 211313345 | 第二借阅区/ [索取号:K835.615.6/1034] | 在馆 | |
| 4 | 1131335 | 211313354 | 第二借阅区/ [索取号:K835.615.6/1034] | 在馆 |